000 01787cam a2200493 4500
003 PE-LiUPU
005 20250731172929.0
008 1977 miu b eng
020 _a0943872456
035 _a(Sirsi) i9780943872452
035 _a(Sirsi) 21016
035 _a(Sirsi) 21016
041 _aen
044 _aus
082 0 4 _a286.73209
_bD23
100 1 _aDamsteegt, P. Gerard
245 1 0 _aFoundations of the seventh-day adventist message and mission /
_cDamsteegt, P. Gerard.
264 1 _aBerrien Springs, Michigan :
_bAndrews University Press,
_c1977.
300 _a348 páginas ;
_c23 centimetros
504 _aIncluye bibliografía
526 _aSEG42
526 _aSEG41
526 _aSEG40
526 _aSEG39
526 _aP94
526 _aP87
526 _aP86
526 _aP85
526 _aP77
526 _aP76
526 _aP35
505 0 _aThe origings of the seventhy-day adventist theology of mission -- The formation of the seventh-day adventist theology of mission
650 1 4 _aAdventistas del Séptimo Día
_xDoctrinas.
910 _ajck
_bjvq
_cjck
_d20170530
942 _2ddc
_cBOOK
949 _a286.73209 D23
_i43914
_lPOSTGRADO
_mBUL
_tLIBRO
_o.STAFF. Posgrado
859 _q43914
_h286.73209
_iD23
910 _aaj-hd
596 _a1
999 _a286.73209 D23
_wDEWEY
_c20658
_i43914
_f2019-12-11
_g5
_lREPAIR
_mBUL
_r0
_sY
_tBOOK
_u2015-6-24
_xTEOLOGIA
_PP35
_0COMPRA
_o.STAFF. Colección General
_d20658
999 _a286.73209 D23
_wDEWEY
_c2
_i75912
_d2019-2-6
_f2021-11-11
_g5
_lCCODEBUL1
_mBUL
_p12.00
_q5
_r0
_sY
_tBOOK
_u2017-5-30
_xTEOLOGIA
_PP85
_0DONACION
_o.STAFF. 75912
980 _81
_gALBERTO SANCHEZ Responsable de Automatización